[Event "AUT-chT2O 2425"]
[Site "Austria"]
[Date "2024.10.13"]
[Round "3.4"]
[White "Ganaus, Hannes"]
[Black "Wilke, Werner"]
[Result "1/2-1/2"]
[WhiteElo "2214"]
[BlackElo "2177"]
[PlyCount "60"]
[EventDate "2024.10.11"]
[EventType "team-tourn"]
[EventRounds "11"]
[EventCountry "AUT"]
[SourceTitle "CB42_2024"]
[Source "ChessBase"]
[SourceDate "2024.10.16"]
[SourceVersion "1"]
[SourceVersionDate "2024.10.16"]
[SourceQuality "1"]
[WhiteTeam "Pressbaum"]
[BlackTeam "Bad Voeslau"]
[WhiteTeamCountry "AUT"]
[BlackTeamCountry "AUT"]

1. d4 b6 2. e4 e6 3. Nf3 d6 4. Bd3 Bb7 5. c4 g6 6. Nc3 Bg7 7. Be3 Ne7 8. h4 h6 9. Qd2 Nd7 10. 0-0-0 a6 11. Kb1 c5 12. d5 exd5 13. exd5 Ne5 14. Nxe5 dxe5 15. f3 Qd7 16. h5 g5 17. g4 0-0-0 18. Ne4 f5 19. gxf5 Nxf5 20. Bf1 Kb8 21. Bh3 Bc8 22. Bg4 Qf7 23. Rhf1 Nd6 24. Nxd6 Rxd6 25. Qd3 Rf8 26. Rf2 Bf5 27. Bxf5 Qxf5 28. Qxf5 Rxf5 29. Rdf1 Kc7 30. Kc2 Rdf6 1/2-1/2

[Event "AUT-chT2O 2425"]
[Site "Austria"]
[Date "2024.10.12"]
[Round "2.4"]
[White "Wilke, Werner"]
[Black "Karelina, Polina"]
[Result "1/2-1/2"]
[WhiteElo "2177"]
[BlackElo "1892"]
[PlyCount "80"]
[EventDate "2024.10.11"]
[EventType "team-tourn"]
[EventRounds "11"]
[EventCountry "AUT"]
[SourceTitle "CB42_2024"]
[Source "ChessBase"]
[SourceDate "2024.10.16"]
[SourceVersion "1"]
[SourceVersionDate "2024.10.16"]
[SourceQuality "1"]
[WhiteTeam "Bad Voeslau"]
[BlackTeam "Pamhagen II"]
[WhiteTeamCountry "AUT"]
[BlackTeamCountry "AUT"]

1. e4 d6 2. d4 Nf6 3. Nc3 e5 4. Nge2 Nbd7 5. h3 g6 6. dxe5 dxe5 7. Bg5 c6 8. Qd2 Qc7 9. a3 Bg7 10. Be3 0-0 11. Ng3 b5 12. Bd3 a6 13. f4 c5 14. Qf2 c4 15. Be2 Bb7 16. 0-0 Rac8 17. f5 Nc5 18. Bf3 h6 19. Rad1 g5 20. Nd5 Bxd5 21. exd5 Qd6 22. Bxc5 Qxc5 23. Ne4 Nxe4 24. Bxe4 f6 25. d6 Rfd8 26. Bd5+ Kh7 27. Be6 Qxf2+ 28. Rxf2 Rc6 29. d7 Bf8 30. Kf1 Kg7 31. c3 a5 32. Rd5 Bc5 33. Rfd2 a4 34. Ke2 h5 35. Kf3 Rc7 36. Ke4 Rc6 37. g3 Kf8 38. h4 g4 39. Re2 Rc7 40. Red2 Rc6 1/2-1/2

[Event "AUT-chT2O 2324"]
[Site "Austria"]
[Date "2023.10.14"]
[Round "2.4"]
[White "Pilshofer, Paul"]
[Black "Wilke, Werner"]
[Result "1-0"]
[WhiteElo "2128"]
[BlackElo "2227"]
[PlyCount "37"]
[EventDate "2023.10.13"]
[EventType "team-tourn"]
[EventRounds "11"]
[EventCountry "AUT"]
[SourceTitle "EXT 2025"]
[Source "ChessBase"]
[SourceDate "2024.10.14"]
[SourceVersion "1"]
[SourceVersionDate "2024.10.14"]
[SourceQuality "1"]
[WhiteTeam "Oggau Union"]
[BlackTeam "Bad Voeslau"]
[WhiteTeamCountry "AUT"]
[BlackTeamCountry "AUT"]

1. d4 d6 2. Nf3 g6 3. g3 Bg7 4. Bg2 c6 5. 0-0 Bg4 6. b3 Qd7 7. Bb2 Bh3 8. Re1 Bxg2 9. Kxg2 f6 10. d5 cxd5 11. Qxd5 e6 12. Qd3 Nc6 13. Rd1 Rd8 14. Nc3 Nge7 15. Ne4 0-0 16. Qxd6 Qc8 17. Qa3 e5 18. b4 Kh8 19. b5 1-0

[Event "AUT-chT2O 1718"]
[Site "Austria"]
[Date "2018.04.07"]
[Round "10.1"]
[White "Wilke, Werner"]
[Black "Zojer, Stefan"]
[Result "1-0"]
[WhiteElo "2214"]
[BlackElo "2127"]
[PlyCount "69"]
[EventDate "2017.10.21"]
[EventType "team-tourn"]
[EventRounds "11"]
[EventCountry "AUT"]
[SourceTitle "EXT 2019"]
[Source "ChessBase"]
[SourceDate "2018.10.10"]
[SourceVersion "1"]
[SourceVersionDate "2018.10.10"]
[SourceQuality "1"]
[WhiteTeam "Bad Voeslau"]
[BlackTeam "Baden Invest"]
[WhiteTeamCountry "AUT"]
[BlackTeamCountry "AUT"]

1. e4 e5 2. Nf3 Nc6 3. Bc4 Bc5 4. c3 Nf6 5. d4 exd4 6. e5 d5 7. Bb5 Ne4 8. cxd4 Be7 9. Nc3 0-0 10. Be3 Bf5 11. 0-0 Nb4 12. Ne1 a6 13. Be2 c5 14. dxc5 Nxc3 15. bxc3 Nc6 16. Bd3 Be6 17. Bd4 Qa5 18. Nf3 g6 19. Nd2 Qc7 20. f4 f6 21. Qe2 fxe5 22. fxe5 Na5 23. Qe3 Rac8 24. Rxf8+ Bxf8 25. Nf3 Bxc5 26. Ng5 Bxd4 27. cxd4 Qc3 28. Re1 Rc6 29. h4 b5 30. Kh2 Nc4 31. Qg3 Qxd4 32. Nxh7 Bf5 33. Bxf5 Kxh7 34. Bd7 Nd2 35. Bxc6 1-0

[Event "AUT-chT2O 1718"]
[Site "Austria"]
[Date "2018.02.25"]
[Round "9.6"]
[White "Alvir, Aco"]
[Black "Wilke, Werner"]
[Result "0-1"]
[WhiteElo "2375"]
[BlackElo "2214"]
[PlyCount "108"]
[EventDate "2017.10.21"]
[EventType "team-tourn"]
[EventRounds "11"]
[EventCountry "AUT"]
[SourceTitle "EXT 2019"]
[Source "ChessBase"]
[SourceDate "2018.10.10"]
[SourceVersion "1"]
[SourceVersionDate "2018.10.10"]
[SourceQuality "1"]
[WhiteTeam "Pamhagen II"]
[BlackTeam "Bad Voeslau"]
[WhiteTeamCountry "AUT"]
[BlackTeamCountry "AUT"]

1. e4 c5 2. Nf3 a6 3. c3 d6 4. d4 Qc7 5. h3 g6 6. Bd3 Bg7 7. 0-0 Nd7 8. a4 e5 9. Na3 Ne7 10. Be3 0-0 11. b4 exd4 12. cxd4 cxb4 13. Rc1 Qb8 14. Nc2 a5 15. Bf4 Nb6 16. Bb5 Bd7 17. Bxd7 Nxd7 18. Ne3 Ra6 19. Qe2 Nf6 20. Nc4 Ne8 21. Ncd2 Nc6 22. Nb3 Qd8 23. d5 Ne5 24. Nfd4 Qd7 25. Nb5 f5 26. N3d4 fxe4 27. Bxe5 Bxe5 28. Ne6 Rf7 29. Qxe4 Ra8 30. f4 Bg7 31. Qc4 Bf6 32. Rfe1 Ng7 33. Qb3 Bd8 34. Re4 Re7 35. Qe3 Nf5 36. Qf2 Ra6 37. Kh2 Bb6 38. Qe1 Ra8 39. Rc2 Rae8 40. g4 Ng7 41. f5 Rf7 42. Rce2 Bd8 43. Nxg7 Rxe4 44. Rxe4 Kxg7 45. Re6 Rf6 46. Qa1 Kf7 47. g5 Rxf5 48. Qh8 Rxd5 49. Re2 Qf5 50. Qxh7+ Kf8 51. Qh8+ Kf7 52. Qe8+ Kg7 53. Qxd8 Qf4+ 54. Kh1 Qf1+ 0-1

[Event "AUT-chT2O 1718"]
[Site "Austria"]
[Date "2018.01.14"]
[Round "7.5"]
[White "Wilke, Werner"]
[Black "Schwab, Lukas"]
[Result "1/2-1/2"]
[WhiteElo "2214"]
[BlackElo "2188"]
[PlyCount "60"]
[EventDate "2017.10.21"]
[EventType "team-tourn"]
[EventRounds "11"]
[EventCountry "AUT"]
[SourceTitle "EXT 2019"]
[Source "ChessBase"]
[SourceDate "2018.10.10"]
[SourceVersion "1"]
[SourceVersionDate "2018.10.10"]
[SourceQuality "1"]
[WhiteTeam "Bad Voeslau"]
[BlackTeam "Donaustadt"]
[WhiteTeamCountry "AUT"]
[BlackTeamCountry "AUT"]

1. e4 e5 2. Nf3 Nc6 3. Nc3 Nf6 4. Bb5 Bc5 5. 0-0 0-0 6. Nxe5 Nxe5 7. d4 Bd6 8. f4 Neg4 9. e5 Bb4 10. exf6 Nxf6 11. f5 c6 12. Bd3 d5 13. Bg5 Be7 14. Qf3 h6 15. Be3 Kh8 16. Rae1 Ng8 17. Ne2 Bf6 18. c3 Qb6 19. b3 Qa5 20. Bb1 Bd7 21. b4 Qb6 22. Nf4 a5 23. a3 axb4 24. axb4 Ra3 25. Rc1 Re8 26. Nd3 Rxe3 27. Qxe3 Rxc3 28. Kh1 Rxc1 29. Qxc1 Bxd4 30. Nc5 Nf6 1/2-1/2

[Event "Dortmund Sparkassen op-A 45th"]
[Site "Dortmund"]
[Date "2017.07.18"]
[Round "4"]
[White "Hausrath, Daniel"]
[Black "Wilke, Werner"]
[Result "1-0"]
[WhiteElo "2482"]
[BlackElo "2225"]
[PlyCount "151"]
[EventDate "2017.07.15"]
[EventType "swiss"]
[EventRounds "9"]
[EventCountry "GER"]
[SourceTitle "CBM 179 Extra"]
[Source "ChessBase"]
[SourceDate "2017.08.23"]
[SourceVersion "1"]
[SourceVersionDate "2017.08.23"]
[SourceQuality "1"]

1. Nf3 d6 2. d4 Bg4 3. g3 Bxf3 4. exf3 e6 5. Bg2 c6 6. 0-0 g6 7. c3 Bg7 8. Qb3 Qc7 9. Bf4 Ne7 10. Qa3 Nc8 11. Nd2 0-0 12. Ne4 Rd8 13. Rfe1 h6 14. h4 Qe7 15. Qb3 a5 16. a4 Na6 17. Bh3 d5 18. Nd2 c5 19. Be5 Bxe5 20. dxe5 c4 21. Qc2 Nb6 22. f4 Nc5 23. Nf3 Nbd7 24. Nd4 Nd3 25. Re3 N7c5 26. h5 Ra6 27. Bg4 Rb6 28. Ra2 Ne4 29. Re2 Rf8 30. Bf3 Nec5 31. Qd2 Nb3 32. Nxb3 Rxb3 33. Re3 Kg7 34. Be2 Nc5 35. Bd1 Rb6 36. Bc2 Rd8 37. Qd1 g5 38. fxg5 hxg5 39. h6+ Kxh6 40. Qg4 Kg7 41. Rf3 Rh8 42. Rf6 Kf8 43. Bg6 Qxf6 44. exf6 fxg6 45. Qxg5 Kf7 46. Qe3 Rc6 47. Ra1 b6 48. Kg2 Rcc8 49. Rh1 Rxh1 50. Kxh1 Nxa4 51. g4 Kxf6 52. Qf4+ Ke7 53. Qg5+ Kf7 54. Qf4+ Ke7 55. g5 Nxb2 56. Qf6+ Kd6 57. Qxg6 Nd3 58. Qf7 Ne5 59. Qg7 d4 60. cxd4 Nd3 61. Qb7 Rh8+ 62. Kg2 Nf4+ 63. Kf3 Nd5 64. g6 Rh3+ 65. Kg4 Rh1 66. g7 c3 67. Qb8+ Kd7 68. g8Q Rg1+ 69. Kf3 Rxg8 70. Qxg8 Nb4 71. Ke2 c2 72. Kd2 Kd6 73. Qd8+ Kc6 74. Qc8+ Kd5 75. Qd7+ Kc4 76. Qxe6+ 1-0

[Event "AUT-chT2O 1617"]
[Site "Austria"]
[Date "2017.01.14"]
[Round "6.1"]
[White "Wilke, Werner"]
[Black "Schwab, Lukas"]
[Result "0-1"]
[WhiteElo "2226"]
[BlackElo "2087"]
[PlyCount "150"]
[EventDate "2016.10.15"]
[EventType "team-tourn"]
[EventRounds "11"]
[EventCountry "AUT"]
[SourceTitle "CBM 177 Extra"]
[Source "ChessBase"]
[SourceDate "2017.04.27"]
[SourceVersion "1"]
[SourceVersionDate "2017.04.27"]
[SourceQuality "1"]
[WhiteTeam "Poechlarn"]
[BlackTeam "Donaustadt"]
[WhiteTeamCountry "AUT"]
[BlackTeamCountry "AUT"]

1. e4 e5 2. Nf3 Nc6 3. d4 exd4 4. Nxd4 Bb4+ 5. c3 Bc5 6. Be3 Bb6 7. Nf5 g6 8. Bxb6 axb6 9. Ne3 Nf6 10. f3 0-0 11. Be2 Re8 12. 0-0 d6 13. c4 Nb4 14. Nc3 Na6 15. Qd4 Nc5 16. Ned5 Nfd7 17. b4 Ne6 18. Qd2 c6 19. Ne3 Qf6 20. Rfd1 Ra3 21. Rac1 Nf4 22. Ng4 Qg5 23. h4 Nxe2+ 24. Nxe2 Qxd2 25. Rxd2 h5 26. Nf2 Ne5 27. Rxd6 Rxa2 28. Nf4 Rb2 29. N2d3 Nxd3 30. Nxd3 Rb3 31. c5 b5 32. Rd4 Be6 33. Ne5 Ra8 34. Rd6 Kg7 35. Nd3 Bc4 36. Rd1 Bxd3 37. R6xd3 Rxb4 38. Rd7 Rc4 39. Rxb7 Rxc5 40. Rdd7 Rf8 41. Rdc7 Rc4 42. Rb6 b4 43. Rcxc6 Rxc6 44. Rxc6 Rb8 45. Rc1 b3 46. Rb1 Kf6 47. Kf2 b2 48. Ke3 Ke5 49. f4+ Ke6 50. Kd4 Rb4+ 51. Kc3 Rxe4 52. Rxb2 Rxf4 53. Kd3 Rxh4 54. Ke3 Kf6 55. Kf3 Ra4 56. Rb3 g5 57. Kg3 Ra5 58. Kh3 Ra4 59. Rc3 Kf5 60. Rb3 f6 61. Rf3+ Kg6 62. Rb3 Rd4 63. Ra3 Kf5 64. Rf3+ Ke5 65. Ra3 Ke4 66. Ra8 Rd3+ 67. Kh2 Kf4 68. Ra4+ Kf5 69. Ra5+ Kg6 70. Ra8 h4 71. Rb8 Ra3 72. Rc8 f5 73. Rc5 g4 74. Rc8 Ra1 75. g3 Ra2+ 0-1

[Event "Leitersdorf Region-ch"]
[Site "Leitersdorf"]
[Date "2017.01.08"]
[Round "5.2"]
[White "Schnider, Gert"]
[Black "Wilke, Werner"]
[Result "1-0"]
[WhiteElo "2407"]
[BlackElo "2230"]
[PlyCount "58"]
[EventDate "2017.01.04"]
[EventType "swiss"]
[EventRounds "5"]
[EventCountry "AUT"]
[SourceTitle "EXT 2024"]
[Source "ChessBase"]
[SourceDate "2023.10.10"]
[SourceVersion "1"]
[SourceVersionDate "2023.10.10"]
[SourceQuality "1"]

1. e4 c5 2. Nf3 Nc6 3. Bb5 Nd4 4. Nxd4 cxd4 5. 0-0 e5 6. c3 Qb6 7. Bc4 Be7 8. cxd4 exd4 9. d3 Nh6 10. Nd2 0-0 11. Nf3 Kh8 12. Bf4 d6 13. Qd2 Ng8 14. h3 Be6 15. Rfc1 Rac8 16. Rc2 Nf6 17. Bxe6 fxe6 18. e5 Rxc2 19. Qxc2 Nd5 20. Bg3 Qc5 21. Qe2 Re8 22. Re1 Nb4 23. Qe4 d5 24. Qxd4 Qxd4 25. Nxd4 Nxd3 26. Re3 Nxb2 27. Nxe6 Bb4 28. Nc7 Rd8 29. Rb3 Nd3 1-0

[Event "AUT-chT2O 1516"]
[Site "Austria"]
[Date "2016.03.06"]
[Round "8.4"]
[White "Prager, Manfred1"]
[Black "Wilke, Werner"]
[Result "0-1"]
[WhiteElo "2004"]
[BlackElo "2260"]
[PlyCount "108"]
[EventDate "2015.10.17"]
[EventType "team-tourn"]
[EventRounds "11"]
[EventCountry "AUT"]
[SourceTitle "EXT 2017"]
[Source "ChessBase"]
[SourceDate "2016.10.25"]
[SourceVersion "1"]
[SourceVersionDate "2016.10.25"]
[SourceQuality "1"]
[WhiteTeam "Hietzing"]
[BlackTeam "Poechlarn"]
[WhiteTeamCountry "AUT"]
[BlackTeamCountry "AUT"]

1. e4 c5 2. Nf3 d6 3. d4 cxd4 4. Nxd4 Nf6 5. Nc3 e5 6. Nb3 Be7 7. Be2 a6 8. 0-0 b5 9. a3 Bb7 10. Qd3 Nbd7 11. f4 Rc8 12. Qf3 h5 13. Bd3 Ng4 14. Nd5 g6 15. f5 Bxd5 16. exd5 g5 17. Bd2 Qb6+ 18. Kh1 Bf6 19. Rae1 Kf8 20. Ba5 Qa7 21. Bb4 Nc5 22. Na5 Kg7 23. Nc6 Qb6 24. Ba5 Qb7 25. Bb4 Qb6 26. Ba5 Qb7 27. Bb4 Rhe8 28. Be4 Qc7 29. Ba5 Qd7 30. Bd2 Rh8 31. h3 Nxe4 32. Rxe4 Nh6 33. Qxh5 Rxc6 34. dxc6 Qxc6 35. Qf3 Qxc2 36. Re2 Qc4 37. Rc1 g4 38. Qe4 Qxe4 39. Rxe4 gxh3 40. Bxh6+ Kxh6 41. gxh3 Kg5 42. Rg4+ Kxf5 43. Kg2 d5 44. Rc7 d4 45. Rxf7 Rc8 46. Kf3 Rc2 47. Rg2 e4+ 48. Kg3 Rc6 49. Rf2+ Kg6 50. Rd7 Be5+ 51. Kg4 e3 52. Re2 Rf6 53. Rd5 Rf4+ 54. Kg3 Kf5 0-1

[Event "AUT-chT2O 1516"]
[Site "Austria"]
[Date "2015.10.18"]
[Round "2.4"]
[White "Vitouch, Anatol"]
[Black "Wilke, Werner"]
[Result "1-0"]
[WhiteElo "2254"]
[BlackElo "2260"]
[PlyCount "93"]
[EventDate "2015.10.17"]
[EventType "team-tourn"]
[EventRounds "11"]
[EventCountry "AUT"]
[SourceTitle "CBM 168 Extra"]
[Source "ChessBase"]
[SourceDate "2015.10.29"]
[SourceVersion "1"]
[SourceVersionDate "2015.10.29"]
[SourceQuality "1"]
[WhiteTeam "Pamhagen"]
[BlackTeam "Poechlarn"]
[WhiteTeamCountry "AUT"]
[BlackTeamCountry "AUT"]

1. c4 e5 2. g3 Nf6 3. Bg2 c6 4. d4 exd4 5. Qxd4 d5 6. Nf3 Be7 7. cxd5 cxd5 8. 0-0 0-0 9. Nc3 Nc6 10. Qa4 Be6 11. Be3 a6 12. Rad1 b5 13. Qc2 Rc8 14. Qb1 Qa5 15. Rc1 b4 16. Nd1 d4 17. Nxd4 Nxd4 18. Bxd4 Bxa2 19. Qa1 Rxc1 20. Qxc1 Bd5 21. Qg5 h6 22. Qf5 Bd8 23. Bxf6 Bxg2 24. Qxa5 Bxa5 25. Kxg2 gxf6 26. Ne3 Rc8 27. Ra1 Rc5 28. b3 Bc7 29. Rxa6 Be5 30. Rb6 Bc3 31. Nc2 Re5 32. e3 Rd5 33. Nxb4 Rd2 34. Kf3 Kg7 35. Rb5 Rb2 36. Nd3 Rb1 37. Ke4 Rd1 38. Rc5 Bd2 39. b4 Rb1 40. b5 Ba5 41. Rf5 Ra1 42. Nf4 Bc3 43. Kd5 Be5 44. Nd3 Rb1 45. Kc6 Kg6 46. e4 Bd4 47. Nc5 1-0

[Event "AUT-chT2O 1415"]
[Site "Austria"]
[Date "2015.02.21"]
[Round "8.2"]
[White "Vyskocil, Neklan"]
[Black "Wilke, Werner"]
[Result "1/2-1/2"]
[WhiteElo "2422"]
[BlackElo "2225"]
[PlyCount "85"]
[EventDate "2014.10.18"]
[EventType "team-tourn"]
[EventRounds "11"]
[EventCountry "AUT"]
[SourceTitle "EXT 2016"]
[Source "ChessBase"]
[SourceDate "2015.10.08"]
[SourceVersion "1"]
[SourceVersionDate "2015.10.08"]
[SourceQuality "1"]
[WhiteTeam "Zwettl"]
[BlackTeam "Poechlarn"]
[WhiteTeamCountry "AUT"]
[BlackTeamCountry "AUT"]

1. c4 c5 2. Nf3 Nc6 3. d4 cxd4 4. Nxd4 e5 5. Nc2 f5 6. Nc3 Nf6 7. Bg5 Be7 8. e3 0-0 9. Be2 d6 10. 0-0 Be6 11. Qd2 Ne8 12. Bxe7 Nxe7 13. Rfd1 a6 14. Nb4 Rc8 15. Nbd5 Nxd5 16. Nxd5 Nf6 17. Nxf6+ Rxf6 18. Rac1 Bf7 19. b3 Qe7 20. Rc3 Rd8 21. f4 Re8 22. fxe5 dxe5 23. Qd7 Qb4 24. Rcd3 Qb6 25. Kh1 e4 26. Rd4 f4 27. exf4 Rxf4 28. Qd6 Qxd6 29. Rxd6 Rf2 30. Re1 Bg6 31. Kg1 e3 32. Bf3 Rxa2 33. Bxb7 Be4 34. Bxe4 Rxe4 35. Rd3 e2 36. Kf2 Re6 37. Re3 Rf6+ 38. Kg3 Rb6 39. Kf2 Rb2 40. R1xe2 R6xb3 41. Re8+ Kf7 42. R8e7+ Kf8 43. Re8+ 1/2-1/2

[Event "AUT-chT2O 1415"]
[Site "Austria"]
[Date "2014.10.18"]
[Round "1.2"]
[White "Wilke, Werner"]
[Black "Druckenthaner, Andreas"]
[Result "1/2-1/2"]
[WhiteElo "2225"]
[BlackElo "2321"]
[PlyCount "28"]
[EventDate "2014.10.18"]
[EventType "team-tourn"]
[EventRounds "11"]
[EventCountry "AUT"]
[SourceTitle "EXT 2015"]
[Source "ChessBase"]
[SourceDate "2014.11.20"]
[SourceVersion "1"]
[SourceVersionDate "2014.11.20"]
[SourceQuality "1"]
[WhiteTeam "Poechlarn"]
[BlackTeam "Austria"]
[WhiteTeamCountry "AUT"]
[BlackTeamCountry "AUT"]

1. c4 g6 2. Nc3 Bg7 3. d4 d6 4. e4 Nf6 5. Nf3 0-0 6. Be2 e5 7. dxe5 dxe5 8. Qxd8 Rxd8 9. Bg5 Re8 10. h3 Na6 11. Be3 Bf8 12. Bg5 Bg7 13. Be3 Bf8 14. Bg5 Bg7 1/2-1/2

[Event "AUT-chT2O 1314"]
[Site "Austria"]
[Date "2014.01.26"]
[Round "7.4"]
[White "Travenec, Igor"]
[Black "Wilke, Werner"]
[Result "0-1"]
[WhiteElo "2238"]
[BlackElo "2243"]
[PlyCount "70"]
[EventDate "2013.10.05"]
[EventType "team-tourn"]
[EventRounds "11"]
[EventCountry "AUT"]
[SourceTitle "EXT 2015"]
[Source "ChessBase"]
[SourceDate "2014.11.20"]
[SourceVersion "1"]
[SourceVersionDate "2014.11.20"]
[SourceQuality "1"]
[WhiteTeam "Pamhagen"]
[BlackTeam "Poechlarn"]
[WhiteTeamCountry "AUT"]
[BlackTeamCountry "AUT"]

1. e4 c5 2. Nf3 Nc6 3. d4 cxd4 4. Nxd4 e5 5. Nb5 d6 6. N1c3 a6 7. Na3 Be7 8. Nd5 Nf6 9. Be3 Nxd5 10. exd5 Nb8 11. Nc4 Nd7 12. a4 0-0 13. Be2 f5 14. f4 g5 15. fxe5 Nxe5 16. Nb6 Rb8 17. 0-0 f4 18. Bd4 Bf6 19. Nxc8 Rxc8 20. Ra3 Qe7 21. Rb3 Rc7 22. h4 Ng6 23. Bxf6 Qxf6 24. h5 Ne5 25. Rb4 Qf5 26. c3 Rcf7 27. Qb3 Qc8 28. Qd1 g4 29. Qd2 f3 30. Bd1 f2+ 31. Rxf2 Rxf2 32. Qg5+ Kh8 33. Bxg4 Rf1+ 34. Kh2 Nxg4+ 35. Rxg4 Rg8 0-1